LEADER 00881nam a22001937a 4500
082 |a 891.443  |b MAN/R L8.M 
100 |a മനോജ് ബോസ്  |9 272213 
100 |a Manoj Bose  |9 272214 
240 |a Aar Thadayum 
245 |a ആര്‍ തടയും  
260 |a TVM;  |b Chintha;  |c 1978 
300 |a 329p. 
650 |a നോവല്‍; മലയാളം നോവല്‍; ബംഗാളി വിവര്‍ത്തന നോവല്‍   |9 272215 
650 |a Novel; Malayalam Novel; Bengali Translated Novel   |9 272216 
700 |a എം എന്‍ സത്യാര്‍ത്ഥി (വിവര്‍.)  |9 272217 
700 |a M N Sathyardhi (Tr.)  |9 272218 
942 |c BK 
999 |c 74018  |d 74018 
952 |0 0  |1 0  |4 0  |6 891_443000000000000_MAN_R_L8_M  |7 0  |8 NOVET  |9 87226  |a MAL  |b MAL  |d 2017-01-23  |e 25179  |g 13.00  |l 0  |o 891.443 MAN/R L8.M  |p MAL025179  |r 2017-01-23  |t 1  |w 2017-01-23  |y BK